000 00537cam a2200217 4500
008 #DATE n1999 000 0 eng u
020 _a1859785026
022 _a01415875
035 _a(Sirsi) u119339
041 _aeng
050 _a690.026
245 _aBuilding law reports : 1999
260 _aLondon
_bLLP
_c1999
300 _ax,442p.
_c25cm.
350 _a0
650 _aBUILDING LAW REPORTS
650 _aCONSTRUCTION INDUSTRY
650 _aLAW REPORTS
690 _aBUILDING AND CONSTRUCTION-CASE LAW
942 _n0
999 _c102286
_d102286